Pays par ordre décroissant de population - Statistiques

Statistiques générales
  • Ce quiz a été pris 632 fois
  • Le résultat moyen est 62 sur 196
Statistiques - réponses
Rang Continent Population Pays % Correct
#1 Asie 1 400 050 000 Chine
100%
#2 Asie 1 373 055 000 Inde
99%
#3 Amérique du Nord 332 639 000 Etats-Unis
97%
#5 Amérique du Sud 211 755 692 Brésil
92%
#4 Asie 271 066 400 Indonésie
91%
#9 Europe / Asie 146 748 590 Russie
88%
#10 Amérique du Nord 127 792 286 Mexique
87%
#7 Afrique 206 140 000 Nigeria
87%
#6 Asie 207 774 520 Pakistan
87%
#8 Asie 165 570 000 Bangladesh
81%
#11 Asie 126 010 000 Japon
81%
#14 Afrique 102 334 000 Egypte
77%
#20 Europe 67 064 000 France
77%
#18 Asie / Europe 83 900 373 Turquie
76%
#19 Europe 83 149 300 Allemagne
75%
#21 Europe 66 436 000 Royaume-Uni
74%
#12 Afrique 114 964 000 Ethiopie
73%
#23 Europe 60 317 000 Italie
72%
#13 Asie 109 581 000 Philippines
70%
#16 Afrique 89 561 000 République démocratique du Congo
68%
#15 Asie 94 666 000 Viêt Nam
68%
#28 Amérique du Sud 50 911 747 Colombie
66%
#30 Europe 47 100 396 Espagne
66%
#17 Asie 83 993 000 Iran
66%
#31 Amérique du Sud 45 376 763 Argentine
64%
#22 Asie 66 413 979 Thaïlande
63%
#25 Afrique 58 775 022 Afrique du Sud
61%
#24 Afrique 59 734 000 Tanzanie
61%
#38 Amérique du Nord 38 005 238 Canada
59%
#37 Europe 38 386 000 Pologne
59%
#34 Europe 41 710 267 Ukraine
59%
#27 Asie 51 780 000 Corée du Sud
56%
#32 Afrique 43 900 000 Algérie
53%
#26 Asie 54 410 000 Birmanie
53%
#29 Afrique 47 564 300 Kenya
53%
#44 Amérique du Sud 32 625 948 Pérou
53%
#55 Océanie 25 464 115 Australie
49%
#33 Afrique 42 430 600 Soudan
49%
#36 Asie 40 150 200 Irak
47%
#50 Amérique du Sud 28 436 066 Venezuela
47%
#40 Asie 34 218 169 Arabie saoudite
46%
#39 Afrique 35 952 000 Maroc
43%
#196 Europe 453 Vatican
43%
#35 Afrique 41 583 600 Ouganda
41%
#61 Amérique du Sud 19 458 310 Chili
40%
#43 Asie 32 680 000 Malaisie
39%
#191 Europe 38 100 Monaco
39%
#62 Europe 19 405 000 Roumanie
39%
#192 Europe 33 572 Saint-Marin
39%
#190 Europe 38 378 Liechtenstein
38%
#45 Afrique 31 127 674 Angola
37%
#66 Amerique du Sud 17 510 643 Equateur
37%
#42 Asie 32 890 171 Afghanistan
36%
#194 Océanie 11 000 Nauru
36%
#80 Amérique du Sud 11 633 371 Bolivie
35%
#186 Europe 76 177 Andorre
34%
#73 Amérique du Nord 14 901 286 Guatemala
34%
#47 Afrique 30 066 648 Mozambique
33%
#41 Asie 33 724 900 Ouzbékistan
33%
#68 Europe 17 282 163 Pays-Bas
33%
#83 Amérique du Nord 11 280 651 Cuba
32%
#82 Amérique du Nord 11 403 000 Haïti
32%
#193 Océanie 18 000 Palaos
32%
#195 Océanie 10 645 Tuvalu
32%
#51 Afrique 26 453 542 Côte d'Ivoire
31%
#48 Asie 29 996 478 Népal
31%
#81 Europe 11 455 519 Belgique
30%
#46 Afrique 30 280 482 Ghana
30%
#189 Amérique du Nord 53 000 Saint-Christophe-et-Niévès
30%
#181 Amérique du Nord 110 608 Saint-Vincent-et-les-Grenadines
30%
#98 Océanie 8 947 000 Papouasie-Nouvelle-Guinée
29%
#184 Amérique du Nord 98 093 Antigua-et-Barbuda
28%
#53 Afrique 26 133 035 Cameroun
28%
#54 Asie 25 779 000 Corée du Nord
28%
#188 Océanie 59 000 Îles Marshall
28%
#52 Afrique 26 251 309 Madagascar
28%
#183 Océanie 104 640 Micronésie
28%
#103 Amérique du Sud 7 252 672 Paraguay
28%
#182 Océanie 106 000 Tonga
28%
#49 Asie 29 826 000 Yémen
28%
#187 Amérique du Nord 72 000 Dominique
27%
#180 Amérique du Nord 113 000 Grenade
27%
#162 Amérique du Sud 744 962 Guyana
27%
#185 Afrique 98 055 Seychelles
27%
#166 Amérique du Sud 590 100 Suriname
27%
#179 Océanie 119 000 Kiribati
26%
#56 Afrique 24 207 000 Niger
26%
#88 Amérique du Nord 10 448 499 République dominicaine
26%
#178 Amérique du Nord 177 301 Sainte-Lucie
26%
#132 Amérique du Sud 3 530 912 Uruguay
26%
#175 Amérique du Nord 287 000 Barbade
25%
#169 Europe 493 559 Malte
25%
#121 Océanie 5 002 100 Nouvelle-Zélande
25%
#89 Europe 10 276 617 Portugal
25%
#163 Océanie 694 619 Salomon
25%
#58 Asie 21 413 000 Sri Lanka
25%
#57 Asie 23 600 903 Taiwan
25%
#85 Europe 10 724 599 Grèce
24%
#63 Asie 18 632 200 Kazakhstan
24%
#158 Océanie 884 887 Fidji
23%
#94 Amérique du Nord 9 304 380 Honduras
23%
#164 Europe 626 100 Luxembourg
23%
#59 Afrique 20 251 000 Mali
23%
#109 Amérique du Nord 6 625 000 Nicaragua
23%
#110 Amérique du Nord 6 486 000 Salvador
23%
#177 Océanie 202 506 Samoa
23%
#176 Afrique 210 240 Sao-Tomé-et-Principe
23%
#90 Europe 10 230 185 Suède
23%
#174 Océanie 307 000 Vanuatu
23%
#86 Europe 10 649 800 République tchèque
22%
#99 Europe 8 858 775 Autriche
21%
#60 Afrique 20 244 080 Burkina Faso
21%
#119 Amérique du Nord 5 111 238 Costa Rica
21%
#92 Europe 9 772 756 Hongrie
21%
#139 Amérique du Nord 2 726 667 Jamaïque
21%
#126 Amérique du Nord 4 278 500 Panama
21%
#67 Asie 17 501 000 Syrie
21%
#171 Amérique du Nord 408 487 Belize
20%
#170 Asie 459 500 Brunei
20%
#168 Afrique 556 857 Cap-Vert
20%
#173 Europe 364 134 Islande
20%
#172 Amérique du Nord 389 410 Bahamas
19%
#65 Afrique 17 563 749 Malawi
19%
#100 Europe 8 603 900 Suisse
19%
#64 Afrique 18 384 000 Zambie
19%
#72 Asie 15 288 489 Cambodge
18%
#70 Afrique 16 209 125 Sénégal
18%
#152 Amérique du Nord 1 399 000 Trinité-et-Tobago
18%
#136 Europe 2 862 427 Albanie
17%
#78 Afrique 12 114 193 Bénin
17%
#93 Europe 9 413 446 Biélorussie
17%
#160 Afrique 870 000 Comores
17%
#127 Europe 4 076 246 Croatie
17%
#116 Europe 5 517 919 Finlande
17%
#87 Asie 10 554 000 Jordanie
17%
#106 Europe 6 963 764 Serbie
17%
#71 Afrique 15 893 000 Somalie
17%
#69 Afrique 16 244 513 Tchad
17%
#79 Afrique 11 722 038 Tunisie
17%
#133 Europe 3 492 018 Bosnie-Herzégovine
16%
#95 Asie 9 304 277 Emirats Arabes Unis
16%
#75 Afrique 12 559 623 Guinée
16%
#97 Asie 9 152 100 Israël
16%
#149 Europe 1 795 666 Kosovo
16%
#167 Asie 557 427 Maldives
16%
#76 Afrique 12 374 397 Rwanda
16%
#117 Europe 5 450 421 Slovaquie
16%
#84 Afrique 11 194 000 Soudan du Sud
16%
#74 Afrique 14 863 000 Zimbabwe
16%
#150 Asie 1 503 091 Bahreïn
15%
#105 Europe 7 000 039 Bulgarie
15%
#77 Afrique 12 309 600 Burundi
15%
#113 Europe 5 806 081 Danemark
15%
#153 Europe 1 324 820 Estonie
15%
#148 Europe 1 919 968 Lettonie
15%
#130 Europe 3 547 539 Moldavie
15%
#165 Europe 622 182 Monténégro
15%
#118 Europe 5 367 580 Norvège
15%
#145 Europe 2 080 908 Slovénie
15%
#135 Asie 2 965 269 Arménie
14%
#91 Asie 9 981 500 Azerbaïdjan
14%
#161 Asie 748 931 Bhoutan
14%
#125 Asie 4 420 110 Koweït
14%
#104 Asie 7 013 000 Laos
14%
#108 Asie 6 825 000 Liban
14%
#137 Europe 2 794 184 Lituanie
14%
#146 Europe 2 077 132 Macédoine du Nord
14%
#124 Asie 4 700 000 Oman
14%
#96 Asie 9 127 000 Tadjikistan
14%
#112 Asie 6 031 000 Turkménistan
14%
#159 Asie 875 899 Chypre
13%
#156 Afrique 1 160 000 Eswatini
13%
#129 Asie 3 716 900 Géorgie
13%
#111 Asie 6 389 500 Kirghizistan
13%
#155 Afrique 1 265 475 Maurice
13%
#157 Afrique 962 451 Djibouti
12%
#122 Europe 4 904 240 Irlande
12%
#134 Asie 3 238 479 Mongolie
12%
#140 Afrique 2 504 498 Namibie
12%
#138 Asie 2 782 106 Qatar
12%
#154 Asie 1 318 000 Timor oriental
12%
#102 Afrique 7 706 000 Togo
12%
#141 Afrique 2 417 000 Gambie
11%
#147 Afrique 1 968 000 Guinée-Bissau
11%
#107 Afrique 6 871 000 Libye
11%
#115 Afrique 5 518 000 République du Congo
11%
#142 Afrique 2 226 000 Gabon
10%
#151 Afrique 1 403 000 Guinée équatoriale
10%
#143 Afrique 2 142 000 Lesotho
10%
#120 Afrique 5 058 000 Libéria
10%
#128 Afrique 3 900 000 Mauritanie
10%
#123 Afrique 4 830 000 République centrafricaine
10%
#101 Afrique 7 977 000 Sierra Leone
10%
#114 Asie 5 703 600 Singapour
10%
#144 Afrique 2 154 863 Botswana
9%
#131 Afrique 3 546 000 Erythrée
9%
Aucun quiz correspondant
Distribution des résultats
% des personnes avec chaque résultat
Percentile par nombre de réponses
Votre historique - résultats
Vous n’avez pas pris ce quiz